UBT Library

ESSENTIALS OF BUSINESS STATISTICS (Record no. 36871)

000 -LEADER
fixed length control field 00309nam a22001337a 4500
008 - FIXED-LENGTH DATA ELEMENTS--GENERAL INFORMATION
fixed length control field 171031b xxu||||| |||| 00| 0 eng d
020 ## - INTERNATIONAL STANDARD BOOK NUMBER
International Standard Book Number 9780077323134
041 ## - LANGUAGE CODE
Language code of text/sound track or separate title eng
080 ## - UNIVERSAL DECIMAL CLASSIFICATION NUMBER
Edition identifier 3RD
Universal Decimal Classification number 33
100 ## - Rafti
Rafti 59
101 ## - Shkurtesa
Shkurtesa BUS
245 ## - TITLE STATEMENT
Title ESSENTIALS OF BUSINESS STATISTICS
Statement of responsibility, etc BOWERMAN,B.L
942 ## - ADDED ENTRY ELEMENTS (KOHA)
Source of classification or shelving scheme
Item type Books
Holdings
Withdrawn status Lost status Source of classification or shelving scheme Damaged status Not for loan Collection code Permanent location Current location Shelving location Date acquired Total Checkouts Full call number Barcode Date last seen Price effective from Koha item type
          Koleksioni i përgjithshem UBT - Lipjan UBT - Lipjan Koleksioni i përgjithshem 10/31/2017   33 BOW 002-2935472 10/31/2017 10/31/2017 Books
UBT Library © 2015-2024. All rights reserved University Education for Business and Technology